00346 a2200109 4500001001000000005001700010008004100027245006500068100002100133700001500154773006700169ART_1265720260410161908.0260409a 10aOccupational pension scheme membership and retirement saving1 aHemming, Richard1 aHarvey, R.0 tThe Economic Journalg- Vol. 93, NÂș 369 (mar. 1983)wREV12512